Frida Kahlo (Record no. 8066)
[ view plain ]
| 000 -CABECERA | |
|---|---|
| campo de control de longitud fija | 00773nam a2200229 a 4500 |
| 001 - NÚMERO DE CONTROL | |
| campo de control | BRCA_8398 |
| 005 - FECHA Y HORA DE LA ÚLTIMA TRANSACCIÓN | |
| campo de control | 20190320210249.0 |
| 008 - DATOS DE LONGITUD FIJA--INFORMACIÓN GENERAL | |
| campo de control de longitud fija | 960329s2014----mx-a#####b---#001-0aspa-d |
| 020 ## - NÚMERO INTERNACIONAL ESTÁNDAR DEL LIBRO | |
| Número Internacional Estándar del Libro | 9786077515517 (RM) |
| 020 ## - NÚMERO INTERNACIONAL ESTÁNDAR DEL LIBRO | |
| Número Internacional Estándar del Libro | 9788492480746 (RM Verlag) |
| 041 ## - CÓDIGO DE LENGUA | |
| Código de lengua del texto/banda sonora o título independiente | spa |
| 044 ## - CÓDIGO DEL PAÍS DE LA ENTIDAD EDITORA/PRODUCTORA | |
| Código MARC del país | mx |
| 050 #4 - SIGNATURA TOPOGRÁFICA DE LA BIBLIOTECA DEL CONGRESO | |
| Número de clasificación | ND259.K3 |
| Número de documento/Ítem | .F75 2014 |
| 245 10 - MENCIÓN DE TÍTULO | |
| Título | Frida Kahlo |
| Resto del título | sus fotos |
| Mención de responsabilidad, etc. | Hilda Trujillo, idea original y coordinación general ; Pablo Ortiz Monasterio, edición y puesta en página. |
| 260 ## - PUBLICACIÓN, DISTRIBUCIÓN, ETC. | |
| Lugar de publicación, distribución, etc. | México |
| Nombre del editor, distribuidor, etc. | RM Verlag : Editorial RM |
| Fecha de publicación, distribución, etc. | 2014 |
| 300 ## - DESCRIPCIÓN FÍSICA | |
| Extensión | 522 p. |
| Otras características físicas | il. (algunas a color) |
| Dimensiones | 24 cm. |
| 600 14 - PUNTO DE ACCESO ADICIONAL DE MATERIA--NOMBRE DE PERSONA | |
| Nombre de persona | Kahlo, Frida |
| Fechas asociadas al nombre | 1907-1954 |
| 9 (RLIN) | 4922 |
| 650 14 - PUNTO DE ACCESO ADICIONAL DE MATERIA--TÉRMINO DE MATERIA | |
| Término de materia o nombre geográfico como elemento de entrada | Pintoras |
| Subdivisión cronológica | Siglo XX |
| Subdivisión geográfica | México |
| 9 (RLIN) | 4923 |
| 700 1# - PUNTO DE ACCESO ADICIONAL--NOMBRE DE PERSONA | |
| Nombre de persona | Trujillo, Hilda |
| 9 (RLIN) | 21026 |
| 700 1# - PUNTO DE ACCESO ADICIONAL--NOMBRE DE PERSONA | |
| Nombre de persona | Ortiz Monasterio, Pablo |
| 9 (RLIN) | 5341 |
| 942 ## - ELEMENTOS DE PUNTO DE ACCESO ADICIONAL (KOHA) | |
| Fuente del sistema de clasificación o colocación | Library of Congress Classification |
| Tipo de ítem Koha | Libros |
| Estado de retiro | Estado de pérdida | Estado dañado | No para préstamo | Localización permanente | Ubicación/localización actual | Fecha de adquisición | Total de préstamos | Signatura topográfica completa | Código de barras | Fecha visto por última vez | Precio válido a partir de | Tipo de ítem Koha |
|---|---|---|---|---|---|---|---|---|---|---|---|---|
| El ejemplar forma parte de la colección y puede ser consultado según las políticas vigentes. | Biblioteca del Museo Franz Mayer (Rogerio Casas-Alatriste) | Biblioteca del Museo Franz Mayer (Rogerio Casas-Alatriste) | 27/01/2015 | ND259.K3 .F75 2014 | 02849 | 22/03/2019 | 22/03/2019 | Libros |